Population on Country Quiz Stats

 Plays Quiz not verified by Sporcle

Challenge
Share
Tweet
Embed
Score 0/8 Timer 05:00
0 Plays Today
Question Answer Wrong Answers
How many people are in China? ???
70.9%
???
7.3%
???
16.4%
???
5.5%
How many people are in Brazil? ???
54.5%
???
9.1%
???
5.5%
???
16.4%
How many people are in India? ???
54.5%
???
14.5%
???
5.5%
???
23.6%
How many people are in Indonesia? ???
43.6%
???
16.4%
???
14.5%
???
16.4%
How many people are in Nigeria? ???
42.9%
???
4.8%
???
19%
???
4.8%
How many people are in United States? ???
38.2%
???
20%
???
21.8%
???
16.4%
How many people are in Pakistan? ???
31.8%
???
0%
???
22.7%
???
22.7%
How many people are in Bangladesh? ???
9.5%
???
28.6%
???
9.5%
???
14.3%

You're not logged in!

Compare scores with friends on all Sporcle quizzes.
OR
Log In

You Might Also Like...

Show Comments

Extras

Top Quizzes Today


Score Distribution

Your Account Isn't Verified!

In order to create a playlist on Sporcle, you need to verify the email address you used during registration. Go to your Sporcle Settings to finish the process.

Report this User

Report this user for behavior that violates our Community Guidelines.

Details: